00380nam a2200109Ia 4500008004100000082001500041100001500056245008300071942000600154952009700160999001300257240331s9999 xx 000 0 und d a294.5bCOL aColeman, C 4aThe Mythology of the Hindus with notices of Various Mountain and Island Tribes cL 001040708LaWERCLbWERCLcSSCd2024-03-31l0o 294.5 COLp5200r2024-03-31w2024-03-31yL c946d946